00548nam a2200205 a 4500001001300000003000900013005001700022008004100039020000900080082001700089100002600106245006000132260003100192300000900223500003500232505001000267650001500277650002400292700002600316nice12345678IN_TiNIC20260116012509.0050524s1983 dela grp 000 0 eng  ac1500a230.046bBRO aBrown, Robert Mc Afee aTheology in a New Keyb Responding to Liberation Themes aDelhibLithouse Pub.c1983 a212p aincludes index and biblioraphy2 aIndex aLiberation aLiberation-Theology1 aBrown, Robert Mc Afee